| 000 | 00418nam a22001577a 4500 | ||
|---|---|---|---|
| 003 | MPLRDC | ||
| 005 | 20220104123420.0 | ||
| 008 | 210129b ||||| |||| 00| 0 eng d | ||
| 082 | _a958 SIN-2 v.11 c.2 | ||
| 100 | _a南洋大学摄影学会主办 | ||
| 245 |
_a第十一届国际学生摄影沙龙 _c |
||
| 260 |
_a _b南洋大学摄影学会 _c1973 |
||
| 300 | _b平 | ||
| 650 | _a | ||
| 942 |
_cBK _o958 SIN-2 v.11 c.2 |
||
| 999 |
_c11256 _d11246 |
||